000 00300nam a2200121Ia 4500
008 190216s9999||||xx |||||||||||||| ||und||
100 _aMisra R P & Natraj V K
245 0 _aRegional Planning And National Development
260 _bNull
_c1978
300 _a527p
650 _aCommerce
942 _cBK
999 _c4535
_d4535